Las 2 inglesas y el amor /

En el París de 1900, Claude Roc, un joven francés de clase media, entabla amistad con Anne Brown, una joven inglesa. Ella lo invita a ir a su casa de Gales, donde vive con su hermana Muriel. Una vez allí, aunque Claude se siente atraído por Anne, ella procura desviar su atención hacia Muriel. Cuando...

Full description

Bibliographic Details
Other Authors: Truffaut, Francois dir
Format: VHS
Language:French
Published: Francia DVD Video 1971
Subjects:

MARC

LEADER 00000cgm a2200000 a 4500
001 030726
003 UAHC_CL
005 20170803123241.0
008 111219b1971 fr 000 fre
040 |a UAHC_CL  |c UAHC_CL  |d UAHC_CL 
245 1 4 |a Las 2 inglesas y el amor /  |c Francois Truffaut. 
260 |a Francia  |b DVD Video  |c 1971 
300 |a 132 min. 
520 |a En el París de 1900, Claude Roc, un joven francés de clase media, entabla amistad con Anne Brown, una joven inglesa. Ella lo invita a ir a su casa de Gales, donde vive con su hermana Muriel. Una vez allí, aunque Claude se siente atraído por Anne, ella procura desviar su atención hacia Muriel. Cuando Claude y Muriel se dan cuenta de que están enamorados, entonces la madre de ella insiste en que, para estar seguros de sus sentimientos, deben someterse a una separación de un año. 
650 4 |a CINE FRANCES 
700 1 |a Truffaut, Francois  |c dir. 
900 |a DVD-456 
942 |c VHS 
952 |0 0  |1 0  |4 0  |6 DVD_456  |7 0  |8 Referencia  |9 60092  |a BC  |b BC  |c Referencia  |d 2017-08-03  |l 0  |o DVD-456  |p 1385468  |r 2022-01-14 00:00:00  |t 1  |w 2017-08-03  |y DVD 
999 |c 30726  |d 30726